Statistics for Breaking Bad Quiz

Click here to take the quiz!

General Stats

  • This quiz has been taken 1,009 times
    (1,000 since last reset)
  • The average score is 13 of 26

Answer Stats

HintAnswer% Correct
Alter EgoHeisenberg
97%
Wife of aboveSkyler
96%
Son of aboveWalt Jr
84%
Owner of Chicken RestaurantGustavo Fring
83%
LawyerSaul Goodman
83%
Name of restaurantLos Pollos Hermanos
82%
Slogan of lawyerBetter Call Saul
74%
Sister of aboveHolly
70%
She F*cked himTed Beneke
69%
Private Investigator of lawyerMike Ehrmantrout
66%
DEA officerHank Schrader
53%
Jesse's Girlfriend season 2Jane
53%
Drug lords partnerJesse Pinkman
51%
Wife of AboveMarie Schrader
48%
First EpisodePilot
47%
Disease of aboveCerebral Palsy
46%
How did she die?Overdose
44%
Final episodeFelina
41%
Above's sonBrock
39%
Name of Jesse's later girlfriendAndrea
28%
Above's middle nameBruce
17%
Company of aboveBeneke Fabricators
15%
Killed by drug dealersTomas
14%
Where did Hank go?El Paso
12%
Address of Walt308 negra arroyo lane
7%
Actual name of lawyerSaul McGill
1%

Score Distribution

Percentile by Number Answered

Percent of People with Each Score

Your Score History

You have not taken this quiz since the last reset